Score 0/29 Timer 04:00
2 Plays Today
Musician Missing Name (alph order) % Correct
Louis ____Armstrong
94.8%
____ HendrixJimi
89.7%
B.B. ____King
87.6%
Jerry ____ LewisLee
86.5%
Ella ____Fitzgerald
81.3%
Miles ____Davis
80.1%
Yo-Yo ____Ma
78%
Stevie ____ VaughanRay
77.5%
Neil ____Young
70.3%
____ ShankarRavi
58.8%
Benny ____Goodman
58.7%
Thelonious ____Monk
57.6%
Charlie ____Daniels
55%
____ ParkerCharlie
53.3%
____ AtkinsChet
52.9%
Musician Missing Name (alph order) % Correct
____ EntwistleJohn
52.3%
Frédéric ____Chopin
50.4%
John ____Bonham
41.3%
Itzhak ____Perlman
40.8%
____ ClemonsClarence
36.2%
____ ScruggsEarl
36%
____ E.Sheila
35%
____ WilsonNancy
31.6%
Buddy ____Rich
31.5%
____ GalwayJames
29%
____ WakemanRick
26.2%
____ HamptonLionel
24.3%
Django ____Reinhardt
20.1%
Andrés ____Segovia
14.2%

Today's Daily Dose

Quick Pick
Colorful Movies

Get the Picture
Dog Breeds II

Remove Ads.
Support Sporcle.
Get the best of Sporcle when you Go Orange. This ad-free experience offers more features, more stats, and more fun while also helping to support Sporcle. Thank you for becoming a member.

You're not logged in!

Compare scores with friends on all Sporcle quizzes.
OR
Log In

Show Comments

Extras

Top Quizzes Today


Score Distribution

Your Account Isn't Verified!

In order to create a playlist on Sporcle, you need to verify the email address you used during registration. Go to your Sporcle Settings to finish the process.

Report this User

Report this user for behavior that violates our Community Guidelines.

Details: